| Tag |
First Indicator |
Second Indicator |
Subfields |
| LEADER |
00000nam a22000007i 4500 |
| 001 |
in00005658705 |
| 006 |
m o d |
| 007 |
cr ||||||||||| |
| 008 |
250217s2025 cm o 000 u eng d |
| 005 |
20250811135342.7 |
| 020 |
|
|
|a 9789956554348
|q electronic book
|
| 020 |
|
|
|a 9956554340
|q electronic book
|
| 020 |
|
|
|z 9789956554454
|
| 035 |
|
|
|a (NhCcYBP)jstor22573/CATS25495937
|
| 037 |
|
|
|a 22573/cats25495937
|b JSTOR
|
| 040 |
|
|
|a NhCcYBP
|c NhCcYBP
|
| 043 |
|
|
|a f-sa---
|
| 050 |
|
4 |
|a DT1768.S65
|b O63 2025
|
| 082 |
0 |
4 |
|a 305.800968
|2 23/eng/20250220
|
| 100 |
1 |
|
|a Omar, Billan,
|e author.
|
| 245 |
1 |
0 |
|a Soomaali Mi'yaa? :
|b exploring Somalinimo in South Africa /
|c Billan Omar.
|
| 264 |
|
1 |
|a Bamenda and Buea :
|b Langaa RPCIG,
|c 2025.
|
| 300 |
|
|
|a 1 online resource.
|
| 336 |
|
|
|a text
|b txt
|2 rdacontent
|
| 337 |
|
|
|a computer
|b c
|2 rdamedia
|
| 338 |
|
|
|a online resource
|b cr
|2 rdacarrier
|
| 341 |
0 |
|
|a textual
|2 sapdv
|3 JSTOR
|
| 532 |
1 |
|
|3 JSTOR
|a "We apply WCAG and Section 508 standards to improve the user experience for everyone...The target for JSTOR is WCAG 2.2 Level AA." Source: https://about.jstor.org/accessibility/. Last accessed April 22, 2025.
|
| 588 |
|
|
|a Description based upon online resource; title from PDF title page (viewed March 30th, 2025).
|
| 650 |
|
0 |
|a Somalis
|z South Africa.
|
| 655 |
|
7 |
|a Electronic books.
|2 local
|
| 856 |
4 |
0 |
|u http://proxy.library.tamu.edu/login?url=https://www.jstor.org/stable/10.2307/jj.25526798
|z Connect to the full text of this electronic book
|t 0
|
| 945 |
|
|
|a machinegen
|
| 955 |
|
|
|a JSTOR DDA record
|
| 999 |
f |
f |
|s e9466a59-3f39-44b3-9a87-13b725a92177
|i a42f3689-4be8-4746-8ff9-f4f916482d6b
|t 0
|
| 952 |
f |
f |
|a Texas A&M University
|b College Station
|c Electronic Resources
|d Available Online
|t 0
|e DT1768.S65 O63 2025
|h Library of Congress classification
|
| 998 |
f |
f |
|a DT1768.S65 O63 2025
|t 0
|l Available Online
|